00391 2200157 4500001002100000005001700021020001800038035002500056082000800081100001600089245001700105250001200122260004200134300004600176990001100222INLIS00000000001241120150112162417.0 a979-605-705-0 a0010-011500000005184 a813 aEnid Blyton aLima Sekawan aCet. 10 aJakartabGramedia Pustaka Utamac2006 a236 hlm.; ilus.; 11 x 18 cm.c11 x 18 cm. a19.517